[Event "34th European Club Cup 2018"]
[Site "Halkidiki"]
[Date "2018.10.15"]
[Round "4"]
[White "Hautot, Stephane"]
[Black "Budima, Armend"]
[Result "1-0"]
[WhiteElo "2331"]
[BlackElo "2202"]
[Annotator "TA"]
[PlyCount "147"]
[EventDate "2018.10.12"]
[EventType "team-tourn"]
[EventCountry "GRE"]
[SourceTitle "playchess.com"]
[Source "ChessBase"]
[SourceQuality "1"]
[WhiteTeam "Wirtzfeld"]
[BlackTeam "Dardania"]

1. e4 c5 2. Nf3 d6 3. d4 cxd4 4. Nxd4 Nf6 5. Nc3 a6 6. Be3 e5 7. Nb3 Be7 8. f3 Be6 9. Qd2 O-O 10. O-O-O Nbd7 11. g4 Nb6 12. g5 Nh5 13. Rg1 Rc8 14. Kb1 Nc4 15. Bxc4 Rxc4 16. Nd5 Bxd5 17. Qxd5 b5 18. Qb7 Qc7 19. Qxa6 Rb8 20. Qa5 Qc8 21. Qd2 g6 22. Nc1 Ra4 23. c3 b4 24. c4 b3 25. axb3 Rab4 26. Kc2 Ng7 27. Qe2 Ne6 28. Rd5 Qb7 29. Ra5 Bd8 30. Rb5 Rxb5 31. cxb5 Bb6 32. Kb1 Qa7 33. Bxb6 Qxb6 34. Qd1 Nd4 35. Rf1 Qxb5 36. Qd3 Qxd3+ 37. Nxd3 Rxb3 38. Ne1 Re3 39. Nc2 Rxf3 40. Rd1 Ne6 41. h4 Rf4 42. b4 Rxe4 43. b5 Rc4 44. Rxd6 Nd4 45. Nxd4 exd4 46. Ka2 Rb4 47. Rd5 d3 48. Ka3 Rb1 49. Ka4 Rd1 50. Kb3 Kf8 51. Kc3 Ke7 52. Rxd3 Rc1+ 53. Kb4 f5 54. b6 Rb1+ 55. Kc5 Rc1+ 56. Kb5 Rb1+ 57. Kc6 Rc1+ 58. Kb7 Rb1 59. Kc7 f4 60. Rc3 Ke6 61. b7 Kf5 62. b8=Q Rxb8 63. Kxb8 Kg4 64. Kc7 f3 65. Kd6 f2 66. Rc1 Kxh4 67. Ke5 Kxg5 68. Rf1 Kh4 69. Kf4 Kh3 70. Kf3 Kh2 71. Rxf2+ Kh3 72. Rg2 h5 73. Rxg6 h4 74. Rh6 1-0

[Event "34th European Club Cup 2018"]
[Site "Halkidiki"]
[Date "2018.10.15"]
[Round "4"]
[White "Lemmers, Oscar"]
[Black "Pantzar, Milton"]
[Result "1/2-1/2"]
[WhiteElo "2327"]
[BlackElo "2326"]
[Annotator "TA"]
[PlyCount "34"]
[EventDate "2018.10.12"]
[EventType "team-tourn"]
[EventCountry "GRE"]
[SourceTitle "playchess.com"]
[Source "ChessBase"]
[SourceQuality "1"]
[WhiteTeam "KGSRL"]
[BlackTeam "Team Viking"]

1. e4 e5 2. Nf3 Nc6 3. Bb5 a6 4. Bxc6 dxc6 5. O-O Ne7 6. Nxe5 Qd4 7. Qh5 g6 8. Nf3 Qxe4 9. Qa5 Bg4 10. Re1 Qd5 11. Qxc7 Bxf3 12. gxf3 Qxf3 13. Qxb7 Qg4+ 14. Kh1 Qf3+ 15. Kg1 Qg4+ 16. Kh1 Qf3+ 17. Kg1 Qg4+ 1/2-1/2

[Event "34th European Club Cup 2018"]
[Site "Halkidiki"]
[Date "2018.10.15"]
[Round "4"]
[White "Pein, Malcolm"]
[Black "Berg, Michael"]
[Result "1/2-1/2"]
[WhiteElo "2327"]
[BlackElo "2331"]
[Annotator "TA"]
[PlyCount "96"]
[EventDate "2018.10.12"]
[EventType "team-tourn"]
[EventCountry "GRE"]
[SourceTitle "playchess.com"]
[Source "ChessBase"]
[SourceQuality "1"]
[WhiteTeam "Wood Green"]
[BlackTeam "Solingen"]

1. d4 Nf6 2. Nf3 g6 3. c4 Bg7 4. Nc3 O-O 5. g3 d5 6. cxd5 Nxd5 7. Bg2 Nc6 8. O-O Nb6 9. e3 e5 10. d5 Na5 11. e4 c6 12. Bg5 f6 13. Be3 cxd5 14. Bxb6 Qxb6 15. Nxd5 Qd8 16. Rc1 Nc6 17. Qb3 Rf7 18. Rfd1 Be6 19. Qa4 Rd7 20. h4 Rb8 21. Kh2 Bh6 22. Rc3 Kh8 23. Rcd3 b5 24. Qa6 Rd6 25. Nc7 Nd4 26. Nxd4 exd4 27. Rxd4 Rxd4 28. Nxe6 Rxd1 29. Nxd8 Rbxd8 30. h5 gxh5 31. e5 h4 32. exf6 hxg3+ 33. fxg3 R1d6 34. Qxa7 Rxf6 35. Qa5 Rd2 36. Qc3 Rdf2 37. Kh3 Bg7 38. Qc8+ Rf8 39. Qb7 Rxb2 40. Bd5 b4 41. Bb3 Bc3 42. Qe4 Rff2 43. Qe6 Kg7 44. Kg4 h6 45. Qe7+ Kg6 46. Qe6+ Kg7 47. Qg8+ Kf6 48. Qe6+ Kg7 1/2-1/2

[Event "34th European Club Cup 2018"]
[Site "Halkidiki"]
[Date "2018.10.15"]
[Round "4"]
[White "Samoun, Florent"]
[Black "Liodakis, Konstantinos-Spyros"]
[Result "1/2-1/2"]
[WhiteElo "2322"]
[BlackElo "2182"]
[Annotator "TA"]
[PlyCount "141"]
[EventDate "2018.10.12"]
[EventType "team-tourn"]
[EventCountry "GRE"]
[SourceTitle "playchess.com"]
[Source "ChessBase"]
[SourceQuality "1"]
[WhiteTeam "Bois-Colombes"]
[BlackTeam "Chania CA"]

1. d4 Nf6 2. Nf3 g6 3. g3 Bg7 4. Bg2 O-O 5. O-O d6 6. Nc3 Nbd7 7. e4 e5 8. dxe5 dxe5 9. h3 c6 10. a4 Qc7 11. Be3 b6 12. Qd3 Nc5 13. Bxc5 bxc5 14. a5 Rb8 15. b3 Rb4 16. Qe3 Rd4 17. Na4 Rxe4 18. Qxc5 Nd7 19. Qc3 Ba6 20. Rfd1 Re2 21. Nc5 e4 22. Nd4 Nxc5 23. Qxc5 Bxd4 24. Rxd4 e3 25. f4 Rd2 26. Re1 Rxd4 27. Qxd4 e2 28. c4 Re8 29. Qd2 Qe7 30. Bf3 Qe3+ 31. Qxe3 Rxe3 32. Kf2 Rxb3 33. Rxe2 Bxc4 34. Rc2 Bd5 35. Bxd5 cxd5 36. Rc7 d4 37. Rxa7 d3 38. a6 d2 39. Ke2 Rxg3 40. Rd7 Ra3 41. a7 Kg7 42. Kxd2 Kf6 43. Kc2 Ke6 44. Kb2 Ra5 45. Rb7 h5 46. Kc3 f6 47. Kb4 Ra1 48. Rb6+ Kf7 49. Rb7+ Ke6 50. h4 Ra2 51. Rb6+ Kf7 52. Rb7+ Ke6 53. Rc7 Ra1 54. Rc6+ Kf7 55. Rc7+ Ke6 56. Rb7 Ra2 57. Kb3 Ra6 58. Kc4 Kf5 59. Kb5 Ra1 60. Kb6 Kxf4 61. Rf7 Kg4 62. Rxf6 Kxh4 63. Rxg6 Kh3 64. Rg5 Rxa7 65. Kxa7 h4 66. Kb6 Kh2 67. Kc5 h3 68. Kd4 Kh1 69. Ke3 h2 70. Rh5 Kg2 71. Rxh2+ 1/2-1/2

[Event "34th European Club Cup 2018"]
[Site "Halkidiki"]
[Date "2018.10.15"]
[Round "4"]
[White "Tryggestad, Andreas Garberg"]
[Black "Meins, Gerlef"]
[Result "1/2-1/2"]
[WhiteElo "2320"]
[BlackElo "2408"]
[Annotator "TA"]
[PlyCount "106"]
[EventDate "2018.10.12"]
[EventType "team-tourn"]
[EventCountry "GRE"]
[SourceTitle "playchess.com"]
[Source "ChessBase"]
[SourceQuality "1"]
[WhiteTeam "Nordstrand"]
[BlackTeam "Bremen"]

1. d4 Nf6 2. c4 e6 3. Nf3 b6 4. g3 Bb7 5. Bg2 Bb4+ 6. Bd2 Be7 7. Nc3 c6 8. Rc1 O-O 9. O-O d5 10. cxd5 cxd5 11. Ne5 Nfd7 12. Nxd7 Qxd7 13. h4 h6 14. Bf4 Nc6 15. h5 Rfc8 16. Re1 Na5 17. e3 Nc4 18. Qe2 b5 19. Bf1 b4 20. Nb1 a5 21. b3 Nd6 22. Nd2 Ba6 23. Qg4 Bxf1 24. Kxf1 Nf5 25. Qe2 Rc3 26. Nb1 Rxc1 27. Rxc1 Rc8 28. Rc2 Bd6 29. Bxd6 Nxd6 30. Qd1 Ne4 31. Qc1 Rxc2 32. Qxc2 Qd8 33. Nd2 Nf6 34. Nf3 Nxh5 35. Ne5 Nf6 36. f3 Nd7 37. Nd3 g6 38. Qc6 Kg7 39. Qb7 h5 40. Nc5 Nxc5 41. dxc5 d4 42. c6 Qd5 43. e4 Qc5 44. c7 Qc1+ 45. Kg2 Qd2+ 46. Kg1 Qe3+ 47. Kg2 Qe2+ 48. Kg1 Qe1+ 49. Kg2 Qe2+ 50. Kg1 d3 51. c8=Q d2 52. Qxf7+ Kxf7 53. Qc7+ Ke8 1/2-1/2

[Event "34th European Club Cup 2018"]
[Site "Halkidiki"]
[Date "2018.10.15"]
[Round "4"]
[White "Rosenthal, Jonathan"]
[Black "Mikhalevski, Alexander"]
[Result "1/2-1/2"]
[WhiteElo "2315"]
[BlackElo "2430"]
[Annotator "TA"]
[PlyCount "72"]
[EventDate "2018.10.12"]
[EventType "team-tourn"]
[EventCountry "GRE"]
[SourceTitle "playchess.com"]
[Source "ChessBase"]
[SourceQuality "1"]
[WhiteTeam "Zurich"]
[BlackTeam "Rehovot"]

1. d4 d5 2. c4 e6 3. Nc3 Be7 4. Nf3 Nf6 5. Bg5 O-O 6. e3 b6 7. cxd5 exd5 8. Bd3 Nbd7 9. O-O Bb7 10. Rc1 Ne4 11. Bxe7 Qxe7 12. Qa4 c5 13. Ba6 Ndf6 14. Bxb7 Qxb7 15. dxc5 bxc5 16. Qa3 a5 17. Rfd1 Rfd8 18. Nxe4 Nxe4 19. Nd2 Qb4 20. Qxb4 axb4 21. Nxe4 dxe4 22. Rxd8+ Rxd8 23. Kf1 Rc8 24. a3 bxa3 25. bxa3 Kf8 26. Ke2 Ke7 27. Kd2 Rd8+ 28. Kc2 Rd3 29. Ra1 Kd6 30. a4 Kc6 31. a5 Rd7 32. a6 Ra7 33. Kc3 Kb5 34. Rb1+ Kc6 35. Ra1 Kb5 36. Rb1+ Kc6 1/2-1/2

[Event "34th European Club Cup 2018"]
[Site "Halkidiki"]
[Date "2018.10.15"]
[Round "4"]
[White "Tesic, Dragan"]
[Black "In t Veld, Daan"]
[Result "1/2-1/2"]
[WhiteElo "2313"]
[BlackElo "2194"]
[Annotator "TA"]
[PlyCount "139"]
[EventDate "2018.10.12"]
[EventType "team-tourn"]
[EventCountry "GRE"]
[SourceTitle "playchess.com"]
[Source "ChessBase"]
[SourceQuality "1"]
[WhiteTeam "Sloven Ruma"]
[BlackTeam "Deloitte"]

1. d4 f5 2. Bg5 g6 3. Nc3 Bg7 4. e4 fxe4 5. Nxe4 d5 6. Nc5 b6 7. Nb3 Nh6 8. c3 O-O 9. Nf3 Nf7 10. Bh4 Nc6 11. Bb5 Bb7 12. O-O a6 13. Bxc6 Bxc6 14. Re1 Bf6 15. Bg3 Ba4 16. Ne5 Nd6 17. f3 Qe8 18. Ng4 Bd7 19. Nxf6+ Rxf6 20. Nc1 Bf5 21. Nd3 Bxd3 22. Qxd3 Rf7 23. Re5 Nc4 24. Re2 Qd7 25. Rae1 b5 26. Bh4 Re8 27. b3 Nd6 28. g4 Nc8 29. Kg2 Ref8 30. Re3 c6 31. h3 Re8 32. Bg3 Rf6 33. Qe2 Rf7 34. Bh4 Kg7 35. Re6 Kg8 36. Qe5 Qb7 37. Bg5 Qd7 38. Bh6 Rd8 39. Qg5 Qe8 40. h4 Rd6 41. Rxd6 Nxd6 42. Re6 Rf6 43. Qe5 Kf7 44. Rxf6+ exf6 45. Qxe8+ Nxe8 46. Kf2 Ke6 47. Ke3 Nd6 48. Bf4 Nf7 49. Bc7 Kd7 50. Bb6 Ke6 51. Bc5 Kd7 52. Ba7 Ke6 53. Bb8 Kd7 54. Kf4 Ke6 55. Kg3 Kd7 56. Kf4 Ke6 57. Ke3 Kd7 58. Bf4 Ke6 59. Kd3 Nd6 60. Bxd6 Kxd6 61. a4 bxa4 62. bxa4 a5 63. Ke3 g5 64. f4 gxh4 65. Kf3 h6 66. f5 Ke7 67. Kg2 Kf7 68. Kh3 Kg7 69. Kxh4 Kh7 70. Kh5 1/2-1/2

[Event "34th European Club Cup 2018"]
[Site "Halkidiki"]
[Date "2018.10.15"]
[Round "4"]
[White "Milosevic, Milos"]
[Black "Vedder, Henk"]
[Result "1/2-1/2"]
[WhiteElo "2306"]
[BlackElo "2336"]
[Annotator "NA"]
[PlyCount "84"]
[EventDate "2018.10.12"]
[EventType "team-tourn"]
[EventCountry "GRE"]
[SourceTitle "playchess.com"]
[Source "ChessBase"]
[SourceQuality "1"]
[WhiteTeam "Partizan"]
[BlackTeam "En Passant"]

1. e4 e6 2. d4 d5 3. Nc3 Bb4 4. e5 Ne7 5. a3 Bxc3+ 6. bxc3 b6 7. Nf3 Qd7 8. a4 Ba6 9. Bxa6 Nxa6 10. Qd3 Nb8 11. c4 Nbc6 12. cxd5 Nxd5 13. O-O Ncb4 14. Qb3 c5 15. c4 Ne7 16. Rd1 Qc7 17. d5 exd5 18. cxd5 Nexd5 19. e6 O-O 20. Ng5 f6 21. Nf7 c4 22. Qh3 Nd3 23. Ba3 Rxf7 24. exf7+ Qxf7 25. Rxd3 cxd3 26. Qxd3 Re8 27. g3 Nc7 28. Rd1 h6 29. Qc2 Ne6 30. Qc6 Rd8 31. Rxd8+ Nxd8 32. Qc8 Qe8 33. h4 Kh7 34. h5 Qe1+ 35. Kg2 Qe4+ 36. Kg1 Ne6 37. Qd7 Nc5 38. Bxc5 bxc5 39. Qxa7 c4 40. Qc5 Qe1+ 41. Kh2 c3 42. a5 Qe5 1/2-1/2

[Event "34th European Club Cup 2018"]
[Site "Halkidiki"]
[Date "2018.10.15"]
[Round "4"]
[White "Mueller, Reinhold"]
[Black "Thybo, Jesper Sondergaard"]
[Result "0-1"]
[WhiteElo "2306"]
[BlackElo "2496"]
[Annotator "TA"]
[PlyCount "48"]
[EventDate "2018.10.12"]
[EventType "team-tourn"]
[EventCountry "GRE"]
[SourceTitle "playchess.com"]
[Source "ChessBase"]
[SourceQuality "1"]
[WhiteTeam "Dublin"]
[BlackTeam "Jetsmark"]

1. d4 Nf6 2. Nf3 e6 3. c4 c5 4. d5 b5 5. Bg5 b4 6. e4 d6 7. dxe6 Bxe6 8. Nbd2 h6 9. Bh4 g5 10. Bg3 Bg7 11. Qc2 Nh5 12. Be2 Nc6 13. Nf1 g4 14. N3d2 Nd4 15. Qc1 O-O 16. Ne3 Qg5 17. Bxd6 Rfe8 18. Nb3 Rad8 19. Bg3 f5 20. exf5 Bxf5 21. Nxd4 cxd4 22. Bh4 Qxh4 23. Nxf5 Qf6 24. Nxg7 Qxg7 0-1

[Event "34th European Club Cup 2018"]
[Site "Halkidiki"]
[Date "2018.10.15"]
[Round "4"]
[White "Dek, Lennart"]
[Black "Lazic, Miroljub"]
[Result "1/2-1/2"]
[WhiteElo "2304"]
[BlackElo "2466"]
[Annotator "TA"]
[PlyCount "117"]
[EventDate "2018.10.12"]
[EventType "team-tourn"]
[EventCountry "GRE"]
[SourceTitle "playchess.com"]
[Source "ChessBase"]
[SourceQuality "1"]
[WhiteTeam "Deloitte"]
[BlackTeam "Sloven Ruma"]

1. e4 e5 2. Nf3 Nc6 3. Bc4 Bc5 4. O-O d6 5. d3 h6 6. c3 Qf6 7. b4 Bb6 8. a4 a6 9. Be3 Ba7 10. Nbd2 Nge7 11. b5 Nb8 12. d4 O-O 13. h3 Ng6 14. Re1 Be6 15. Bf1 Nh4 16. Nxh4 Qxh4 17. Qb1 a5 18. Bd3 Bb6 19. Rf1 Nd7 20. Nf3 Qf6 21. Qd1 d5 22. exd5 Bxd5 23. Nxe5 Nxe5 24. dxe5 Qxe5 25. Bxb6 cxb6 26. c4 Be6 27. Re1 Qf6 28. Qe2 Rad8 29. Be4 Rd7 30. Rad1 Rfd8 31. Rxd7 Rxd7 32. Rd1 Bxc4 33. Qc2 Rxd1+ 34. Qxd1 g6 35. Bxb7 Kh7 36. Be4 Qc3 37. Bc2 Kg7 38. Qb1 h5 39. Qd1 h4 40. Qb1 Kf6 41. Qd1 Ke5 42. Kh1 Qd4 43. Qe1+ Kd6 44. Kg1 Bd5 45. Qc1 Qc3 46. Qf4+ Kc5 47. Qc7+ Kb4 48. Qe7+ Qc5 49. Qe1+ Kc4 50. Qc1 Qd4 51. Bxg6+ Kb4 52. Bc2 Bc4 53. Qe1+ Ka3 54. Qc1+ Qb2 55. Qe3+ Kb4 56. Qd2+ Ka3 57. Qe3+ Kb4 58. Qd2+ Ka3 59. Qe3+ 1/2-1/2

[Event "34th European Club Cup 2018"]
[Site "Halkidiki"]
[Date "2018.10.15"]
[Round "4"]
[White "De Groote, Ewoud"]
[Black "Schiendorfer, Emanuel"]
[Result "0-1"]
[WhiteElo "2292"]
[BlackElo "2310"]
[Annotator "TA"]
[PlyCount "154"]
[EventDate "2018.10.12"]
[EventType "team-tourn"]
[EventCountry "GRE"]
[SourceTitle "playchess.com"]
[Source "ChessBase"]
[SourceQuality "1"]
[WhiteTeam "BSG"]
[BlackTeam "Winterthur"]

1. e4 c5 2. Nf3 d6 3. d4 cxd4 4. Qxd4 Nc6 5. Bb5 a6 6. Bxc6+ bxc6 7. O-O e5 8. Qd3 Nf6 9. c4 Qc7 10. Nc3 Be7 11. Re1 O-O 12. b3 a5 13. Na4 Rd8 14. Bb2 Nd7 15. Qe3 Rb8 16. Bc3 f6 17. Red1 Nf8 18. Nh4 Ne6 19. Qe1 Ra8 20. Nf5 Bf8 21. Rac1 Bb7 22. Ne3 g6 23. Rc2 Bh6 24. f3 Bxe3+ 25. Qxe3 c5 26. Rf2 Bc6 27. Nb2 Qb7 28. Nd3 Nd4 29. Bxd4 cxd4 30. Qc1 Kh8 31. Re1 Rg8 32. Rfe2 f5 33. Qg5 Raf8 34. Qd2 Qa6 35. h3 Rf7 36. Kh2 fxe4 37. fxe4 Rgf8 38. Qg5 Kg8 39. Kg1 Qb7 40. Nf2 Rf4 41. c5 Bb5 42. Rd2 Qc7 43. cxd6 Qc3 44. Red1 Qe3 45. Qxe5 Rxf2 46. Rxf2 Qxf2+ 47. Kh2 Bd7 48. Qd5+ Kg7 49. Qxd4+ Qxd4 50. Rxd4 Kf6 51. Kg3 Ke6 52. Rd5 Ra8 53. Kf4 a4 54. Kg5 a3 55. Kh6 Ra7 56. h4 Bc6 57. Rd4 Ke5 58. Rc4 Kxd6 59. g4 Re7 60. h5 gxh5 61. gxh5 Rxe4 62. Rc3 Re7 63. b4 Ra7 64. Rd3+ Ke5 65. Rc3 Bd5 66. b5 Kd4 67. Rg3 Kc5 68. Rg5 Rb7 69. b6 Rxb6+ 70. Kxh7 Rb2 71. h6 Rxa2 72. Kg7 Rh2 73. h7 a2 74. Rg1 Rxh7+ 75. Kxh7 Be4+ 76. Kh6 Bb1 77. Rg5+ Kb6 0-1

[Event "34th European Club Cup 2018"]
[Site "Halkidiki"]
[Date "2018.10.15"]
[Round "4"]
[White "Vedder, Richard"]
[Black "Popovic, Milan S"]
[Result "0-1"]
[WhiteElo "2288"]
[BlackElo "2309"]
[Annotator "TA"]
[PlyCount "116"]
[EventDate "2018.10.12"]
[EventType "team-tourn"]
[EventCountry "GRE"]
[SourceTitle "playchess.com"]
[Source "ChessBase"]
[SourceQuality "1"]
[WhiteTeam "En Passant"]
[BlackTeam "Partizan"]

1. d4 Nf6 2. c4 g6 3. Nc3 Bg7 4. e4 d6 5. Nf3 O-O 6. Be2 e5 7. O-O Nc6 8. d5 Ne7 9. Nd2 Ne8 10. b4 f5 11. c5 Nf6 12. f3 f4 13. Nc4 g5 14. Bd2 Ng6 15. a4 Rf7 16. a5 h5 17. a6 b6 18. cxd6 cxd6 19. b5 g4 20. Be1 Bf8 21. Na2 g3 22. hxg3 fxg3 23. Bxg3 h4 24. Bh2 Nh5 25. Rf2 Qg5 26. Bf1 Ngf4 27. Rc2 Rg7 28. Nb4 Ng3 29. Nd3 Bd7 30. Na3 h3 31. Nxf4 Qxf4 32. Qc1 Qh4 33. Raa2 Be7 34. Qe1 Qf4 35. Rc7 Bh4 36. Rac2 Qg5 37. Bxg3 Bxg3 38. Qd2 Bf4 39. Qe2 Qg3 40. Rxd7 Rxd7 41. Nc4 Kh8 42. Qd3 Rg8 43. Ne3 Qh2+ 44. Kf2 hxg2 45. Nxg2 Rdg7 46. Ke1 Rxg2 47. Bxg2 Rxg2 48. Rxg2 Qxg2 49. Qc3 Qg1+ 50. Ke2 Qc1 51. Qc6 Qe3+ 52. Kf1 Qxf3+ 53. Kg1 Be3+ 54. Kh2 Qh5+ 55. Kg2 Qg4+ 56. Kh2 Bf4+ 57. Kh1 Qh3+ 58. Kg1 Be3# 0-1

[Event "34th European Club Cup 2018"]
[Site "Halkidiki"]
[Date "2018.10.15"]
[Round "4"]
[White "Andonovski, Ljubisa"]
[Black "Nahkur, Madis"]
[Result "1-0"]
[WhiteElo "2287"]
[BlackElo "2013"]
[Annotator "TA"]
[PlyCount "78"]
[EventDate "2018.10.12"]
[EventType "team-tourn"]
[EventCountry "GRE"]
[SourceTitle "playchess.com"]
[Source "ChessBase"]
[SourceQuality "1"]
[WhiteTeam "Asseco SEE"]
[BlackTeam "Reval"]

1. d4 Nf6 2. c4 e6 3. Nf3 b6 4. g3 Bb7 5. Bg2 Be7 6. O-O O-O 7. Nc3 d6 8. d5 e5 9. e4 Nbd7 10. Ne1 Ne8 11. Rb1 g6 12. b4 a5 13. a3 Ng7 14. Nc2 f5 15. exf5 Nxf5 16. Ne4 axb4 17. axb4 Ba6 18. Qe2 Bb7 19. h4 Ra2 20. Qd3 Ra7 21. Bh3 Qa8 22. Nc3 c6 23. h5 cxd5 24. Nxd5 Bxd5 25. cxd5 Bd8 26. hxg6 hxg6 27. Ne3 Nf6 28. Nxf5 gxf5 29. Bxf5 Qxd5 30. Qxd5+ Nxd5 31. Be6+ Kg7 32. Bxd5 Rh8 33. Be3 Ra3 34. b5 Kf6 35. Ra1 Rd3 36. Rfd1 Rc3 37. Ra6 Kf5 38. Kg2 e4 39. Bd4 Rc2 1-0

[Event "34th European Club Cup 2018"]
[Site "Halkidiki"]
[Date "2018.10.15"]
[Round "4"]
[White "Hove, Esben Kjems"]
[Black "Linnanen, Lassi"]
[Result "1/2-1/2"]
[WhiteElo "2286"]
[BlackElo "2153"]
[Annotator "TA"]
[PlyCount "143"]
[EventDate "2018.10.12"]
[EventType "team-tourn"]
[EventCountry "GRE"]
[SourceTitle "playchess.com"]
[Source "ChessBase"]
[SourceQuality "1"]
[WhiteTeam "Nordkalotten"]
[BlackTeam "Aatos"]

1. d4 Nf6 2. Nf3 c5 3. d5 e6 4. c4 b5 5. Bg5 Qa5+ 6. Qd2 Qxd2+ 7. Nfxd2 bxc4 8. e4 Na6 9. dxe6 fxe6 10. e5 Nd5 11. Nxc4 Nab4 12. Nba3 Ba6 13. Be2 Bxc4 14. Bxc4 Be7 15. Bxe7 Kxe7 16. O-O Rhf8 17. Rac1 Rf5 18. Bxd5 Nxd5 19. Rfe1 Nb4 20. Rc3 Nxa2 21. Rxc5 Nb4 22. Rc3 Nc6 23. Nc4 Rb8 24. Re4 g5 25. Rh3 Rf7 26. Rh5 Rg7 27. Rg4 Rb4 28. f3 Kf8 29. Kf1 Nd8 30. Ke1 Nf7 31. Kd2 Rb5 32. Re4 Ke7 33. Kc3 h6 34. f4 Rd5 35. fxg5 Rxg5 36. Rxg5 hxg5 37. b3 Kf8 38. Rd4 Ke7 39. Re4 Kf8 40. Re1 Ke7 41. h3 Nd8 42. Nd2 Nf7 43. Nf3 a5 44. Re4 d6 45. exd6+ Nxd6 46. Rg4 Nb5+ 47. Kc2 Kf6 48. h4 gxh4 49. Rxh4 e5 50. Rh6+ Kf5 51. Rh5+ Kf4 52. Rh4+ Ke3 53. Rh5 Nd4+ 54. Nxd4 Kxd4 55. g4 Rd8 56. g5 Rg8 57. Rh4+ e4 58. Rg4 Ke3 59. g6 Rg7 60. Rg5 Ke2 61. Kc3 e3 62. Rxa5 Rxg6 63. b4 Rd6 64. Re5 Kf2 65. Rf5+ Ke1 66. Kc4 Re6 67. Kd5 Re8 68. Rh5 e2 69. Rh1+ Kd2 70. b5 e1=Q 71. Rxe1 Rxe1 72. b6 1/2-1/2

[Event "34th European Club Cup 2018"]
[Site "Halkidiki"]
[Date "2018.10.15"]
[Round "4"]
[White "Makolli, Perparim"]
[Black "Pruijssers, Roeland"]
[Result "0-1"]
[WhiteElo "2284"]
[BlackElo "2501"]
[Annotator "TA"]
[PlyCount "68"]
[EventDate "2018.10.12"]
[EventType "team-tourn"]
[EventCountry "GRE"]
[SourceTitle "playchess.com"]
[Source "ChessBase"]
[SourceQuality "1"]
[WhiteTeam "Drejtesia"]
[BlackTeam "Echiquier Amaytois"]

1. e4 c5 2. Nf3 e6 3. d4 cxd4 4. Nxd4 Nc6 5. Nc3 Qc7 6. Be3 a6 7. f4 b5 8. Nxc6 Qxc6 9. a3 Bb7 10. Qd4 Nf6 11. Bd3 Rc8 12. e5 Ng4 13. Be4 Qc7 14. Bg1 Be7 15. Bxb7 Qxb7 16. O-O-O Rc4 17. Qd2 O-O 18. Qxd7 Rc7 19. Qd3 b4 20. axb4 Qxb4 21. Qe4 Qb8 22. Rd3 Rfc8 23. h3 Nh6 24. g4 Bb4 25. Bd4 a5 26. Rh2 Rc4 27. Qe3 Kh8 28. Kb1 Ng8 29. Ne4 Ne7 30. Ba7 Qb7 31. Bd4 Nd5 32. Qf3 a4 33. Nd2 Rxc2 34. Ka1 Bxd2 0-1

[Event "34th European Club Cup 2018"]
[Site "Halkidiki"]
[Date "2018.10.15"]
[Round "4"]
[White "Nikolic, Milos"]
[Black "Drent, Sjoerd"]
[Result "0-1"]
[WhiteElo "2279"]
[BlackElo "2001"]
[Annotator "TA"]
[PlyCount "46"]
[EventDate "2018.10.12"]
[EventType "team-tourn"]
[EventCountry "GRE"]
[SourceTitle "playchess.com"]
[Source "ChessBase"]
[SourceQuality "1"]
[WhiteTeam "Partizan"]
[BlackTeam "En Passant"]

1. e4 e5 2. Nf3 Nc6 3. Bb5 Bc5 4. O-O Qf6 5. d3 Nge7 6. c3 h6 7. Be3 Bb6 8. d4 O-O 9. Re1 d6 10. h3 Ng6 11. Bf1 Nf4 12. Kh2 g5 13. d5 Ne7 14. Ng1 Qg7 15. a4 f5 16. a5 Bxe3 17. fxe3 Nfg6 18. exf5 Nxf5 19. e4 Nfe7 20. b4 Qf6 21. Ra2 g4 22. g3 h5 23. Rg2 Kg7 0-1

[Event "34th European Club Cup 2018"]
[Site "Halkidiki"]
[Date "2018.10.15"]
[Round "4"]
[White "Thogersen, Rasmus"]
[Black "O`connor, Eddie"]
[Result "1-0"]
[WhiteElo "2277"]
[BlackElo "1972"]
[Annotator "TA"]
[PlyCount "111"]
[EventDate "2018.10.12"]
[EventType "team-tourn"]
[EventCountry "GRE"]
[SourceTitle "playchess.com"]
[Source "ChessBase"]
[SourceQuality "1"]
[WhiteTeam "Jetsmark"]
[BlackTeam "Dublin"]

1. e4 d6 2. d4 Nf6 3. Nc3 Nbd7 4. Nf3 e5 5. Bc4 Be7 6. a4 h6 7. O-O c6 8. Qe2 Qc7 9. Rd1 g5 10. Bb3 Nf8 11. Qc4 Rh7 12. d5 Bg4 13. Rd3 Ng6 14. a5 c5 15. Ba4+ Kf8 16. b4 Rc8 17. a6 b6 18. Bc6 cxb4 19. Qxb4 Nf4 20. Bxf4 gxf4 21. Nb5 Qb8 22. Nd2 Be2 23. Rc3 Rg7 24. f3 Kg8 25. Re1 Bxb5 26. Qxb5 Nd7 27. Nc4 Nc5 28. Rb1 Bd8 29. Bd7 Bc7 30. Bxc8 Qxc8 31. Kh1 Kh8 32. Qc6 Qd8 33. Na3 Qg5 34. Rg1 Qd8 35. Nb5 Bb8 36. Qa8 f6 37. Qc6 Kh7 38. Rb1 Kh8 39. Rxc5 dxc5 40. d6 Rd7 41. Rd1 Kg7 42. g3 fxg3 43. hxg3 Qe8 44. Kg2 h5 45. Na3 Kh6 46. Nc4 Kg5 47. f4+ exf4 48. gxf4+ Kh6 49. Kf2 Qe6 50. Ne3 Kh7 51. Nf5 b5 52. Qxb5 Bc7 53. dxc7 Rxd1 54. Qb7 Rf1+ 55. Kxf1 Qc4+ 56. Kg1 1-0

[Event "34th European Club Cup 2018"]
[Site "Halkidiki"]
[Date "2018.10.15"]
[Round "4"]
[White "Storme, Isak"]
[Black "Van der Elburg, Freddie"]
[Result "1-0"]
[WhiteElo "2276"]
[BlackElo "2191"]
[Annotator "NA"]
[PlyCount "65"]
[EventDate "2018.10.12"]
[EventType "team-tourn"]
[EventCountry "GRE"]
[SourceTitle "playchess.com"]
[Source "ChessBase"]
[SourceQuality "1"]
[WhiteTeam "SK Oslo"]
[BlackTeam "Apeldoorn"]

1. d4 f5 2. Bf4 Nf6 3. e3 d6 4. Nc3 g6 5. h4 Bg7 6. h5 Nxh5 7. Rxh5 gxh5 8. Qxh5+ Kf8 9. Be2 e6 10. Nh3 Bd7 11. O-O-O Be8 12. Qf3 d5 13. g4 Bg6 14. Ng5 Qd7 15. Bd3 fxg4 16. Qxg4 Bf5 17. Bxf5 exf5 18. Qg2 h6 19. Nf3 Nc6 20. Rg1 Rh7 21. Qg6 Kg8 22. Bxh6 Kh8 23. Bxg7+ Rxg7 24. Rh1+ Kg8 25. Qh6 Rh7 26. Rg1+ Rg7 27. Ng5 Ne7 28. Rh1 Ng6 29. Ne2 Kf8 30. Nf4 Nxf4 31. exf4 Re8 32. Qh8+ Rg8 33. Qf6+ 1-0

[Event "34th European Club Cup 2018"]
[Site "Halkidiki"]
[Date "2018.10.15"]
[Round "4"]
[White "Dishman, Stephen"]
[Black "Thorfinnsson, Bragi"]
[Result "0-1"]
[WhiteElo "2272"]
[BlackElo "2433"]
[Annotator "TA"]
[PlyCount "68"]
[EventDate "2018.10.12"]
[EventType "team-tourn"]
[EventCountry "GRE"]
[SourceTitle "playchess.com"]
[Source "ChessBase"]
[SourceQuality "1"]
[WhiteTeam "Bonnevoie"]
[BlackTeam "Reykjavik"]

1. d4 f5 2. Bg5 g6 3. Nc3 d5 4. e3 Bg7 5. h4 c6 6. Nf3 Qb6 7. Rb1 Nd7 8. Bf4 Ngf6 9. Ne5 Nxe5 10. Bxe5 Be6 11. Na4 Qa5+ 12. c3 O-O 13. Bd3 Qd8 14. Nc5 Bc8 15. Be2 Qe8 16. Bf4 Ng4 17. Nd3 b6 18. Bxg4 fxg4 19. Ne5 Bxe5 20. Bxe5 Qf7 21. Bf4 h6 22. Qd2 Kh7 23. Rc1 Ba6 24. Qc2 h5 25. b3 Qe6 26. Bg3 Rad8 27. Rg1 Rc8 28. Kd2 c5 29. Qb1 Qd7 30. Rge1 Rf7 31. Bf4 e5 32. dxe5 d4 33. cxd4 Rxf4 34. f3 Rxd4+ 0-1